00782nam a2200205 a 450000100060000000300090000600800410001502000150005604000280007108200180009910000240011724501370014126000420027830000080032059000360032865000300036494200120039499900170040695201530042313903CO-ViMGA141112s2004 ck r 000 u spa d a842550886X aCO-ViMGAbspacCO-ViMGA04a796.352 J126g1 aJacobs, John92027210aGolf con John Jacobs : blecciones del mas prestigioso instrutor del mundo sobre el equipo, tecnica, golpes y correccion de defectos aBarcelona : bHispano Europea, c1991 a111 aForma de adquisición : Compra14aGOLF - ENSEÑANZA920273 2ddccBK c24605d24605 00102ddc40708003aMEVIECARbMEVIECARd2015-12-04hVolumen. 1 | 11/jun/2009l0o796.352 J126g p13903r2015-12-04 00:00:00tEj. 1w2015-12-04yBK